[Event "Skopje op"]
[Site "Skopje"]
[Date "2023.12.09"]
[Round "5"]
[White "Betsakos, Konstantinos"]
[Black "Nikolovski, Nikola"]
[Result "0-1"]
[WhiteElo "2151"]
[BlackElo "2389"]
[PlyCount "72"]
[EventDate "2023.12.06"]
[EventType "swiss"]
[EventRounds "9"]
[EventCountry "MKD"]
[SourceTitle "CB50_2023"]
[SourceDate "2023.12.13"]
[SourceVersion "1"]
[SourceVersionDate "2023.12.13"]
[SourceQuality "1"]

1. d4 e6 2. c4 f5 3. g3 Nf6 4. Bg2 Be7 5. Nf3 0-0 6. 0-0 d6 7. Nc3 Qe8 8. b4 Ne4 9. Nxe4 fxe4 10. Nd2 e3 11. fxe3 Rxf1+ 12. Nxf1 Nd7 13. Qd3 Kh8 14. g4 Bh4 15. e4 e5 16. d5 a5 17. bxa5 Rxa5 18. Qh3 Qd8 19. Qc3 b6 20. Be3 Nc5 21. Bf3 Bd7 22. Ng3 g6 23. Kg2 Kg8 24. a3 Bg5 25. h4 Bxh4 26. Rh1 Bg5 27. Qd2 Bxe3 28. Qxe3 Qe7 29. Rh6 Ra8 30. Nh1 Rf8 31. Nf2 Rf4 32. Nh3 Qf8 33. Rh4 Qf6 34. Kg3 Nxe4+ 35. Bxe4 Qxh4+ 36. Kxh4 Rxg4# 0-1

[Event "Skopje op"]
[Site "Skopje"]
[Date "2023.12.06"]
[Round "1"]
[White "Betsakos, Konstantinos"]
[Black "Radeva, Viktoria"]
[Result "1-0"]
[WhiteElo "2151"]
[BlackElo "2349"]
[PlyCount "87"]
[EventDate "2023.12.06"]
[EventType "swiss"]
[EventRounds "9"]
[EventCountry "MKD"]
[SourceTitle "CB50_2023"]
[SourceDate "2023.12.13"]
[SourceVersion "1"]
[SourceVersionDate "2023.12.13"]
[SourceQuality "1"]

1. d4 e6 2. Nc3 d5 3. Bf4 Bb4 4. e3 c5 5. Nge2 c4 6. e4 Nf6 7. Ng3 dxe4 8. Bxc4 h5 9. Be5 Nc6 10. Bb5 Qd5 11. Qe2 h4 12. Nf1 a6 13. Nd2 Bxc3 14. Bxc6+ Qxc6 15. bxc3 h3 16. Nc4 hxg2 17. Rg1 b5 18. Nd6+ Ke7 19. c4 bxc4 20. Rxg2 e3 21. Rxg7 Qh1+ 22. Qf1 Qxf1+ 23. Kxf1 Rf8 24. fxe3 Nh5 25. Rh7 Nf6 26. Rh4 a5 27. Rb1 Ba6 28. Nb7 c3+ 29. Kf2 Rh8 30. Rf4 Nd5 31. Bd6+ Ke8 32. Rf3 f5 33. Nc5 Bc4 34. Rb7 Rd8 35. Be5 Rh6 36. Rg3 Nf6 37. Bxf6 Rxf6 38. Rg8+ Rf8 39. Rgg7 Rh8 40. Kg3 Bxa2 41. Nd3 Ra8 42. Ne5 Bd5 43. Rge7+ Kd8 44. Nf7+ 1-0

[Event "Kiel op 35th"]
[Site "Kiel"]
[Date "2023.08.04"]
[Round "9"]
[White "Dreesen, Jan"]
[Black "Betsakos, Konstantinos"]
[Result "0-1"]
[WhiteElo "2175"]
[BlackElo "2110"]
[PlyCount "80"]
[EventDate "2023.07.29"]
[EventType "swiss"]
[EventRounds "9"]
[EventCountry "GER"]
[SourceTitle "CBM 215 Extra"]
[Source "ChessBase"]
[SourceDate "2023.09.30"]
[SourceVersion "1"]
[SourceVersionDate "2023.09.30"]
[SourceQuality "1"]

1. d4 Nf6 2. Nf3 d5 3. e3 e6 4. Bd3 c5 5. b3 Qc7 6. Bb2 Nbd7 7. Ne5 Nxe5 8. dxe5 Nd7 9. f4 c4 10. Be2 Bb4+ 11. Bc3 cxb3 12. Bxb4 b2 13. Nc3 bxa1Q 14. Qxa1 a6 15. Bd6 Qb6 16. 0-0 Qxe3+ 17. Kh1 b6 18. Qe1 Bb7 19. Rf3 Qd4 20. Qh4 f6 21. Rd3 Qc4 22. Rg3 Qd4 23. Bh5+ g6 24. Bxg6+ Kd8 25. Rd3 Qc4 26. exf6 Bc6 27. Bh5 Kc8 28. Be2 Kb7 29. Qh3 Nc5 30. Rg3 Qd4 31. Rg7+ Nd7 32. Qxe6 Rad8 33. Be5 Qe3 34. h3 d4 35. Qd6 Qxc3 36. Bg4 Qc5 37. Qc7+ Ka8 38. Bd6 Qc3 39. Bxd7 Rxd7 40. Rxd7 Qxh3+ 0-1

[Event "Kiel op 35th"]
[Site "Kiel"]
[Date "2023.08.03"]
[Round "8"]
[White "Betsakos, Konstantinos"]
[Black "Boehme, Arne"]
[Result "1-0"]
[WhiteElo "2110"]
[BlackElo "2153"]
[PlyCount "25"]
[EventDate "2023.07.29"]
[EventType "swiss"]
[EventRounds "9"]
[EventCountry "GER"]
[SourceTitle "CBM 215 Extra"]
[Source "ChessBase"]
[SourceDate "2023.09.30"]
[SourceVersion "1"]
[SourceVersionDate "2023.09.30"]
[SourceQuality "1"]

1. d4 Nf6 2. Nc3 d5 3. Bf4 e6 4. e3 a6 5. g4 h6 6. Qf3 c5 7. h4 Qa5 8. Bxb8 Rxb8 9. Qg3 Ra8 10. Bg2 b5 11. g5 b4 12. gxf6 bxc3 13. b4 1-0

[Event "Kiel op 35th"]
[Site "Kiel"]
[Date "2023.07.29"]
[Round "2"]
[White "Wirries, Frank Michael"]
[Black "Betsakos, Konstantinos"]
[Result "0-1"]
[WhiteElo "1788"]
[BlackElo "2110"]
[PlyCount "69"]
[EventDate "2023.07.29"]
[EventType "swiss"]
[EventRounds "9"]
[EventCountry "GER"]
[SourceTitle "CBM 215 Extra"]
[Source "ChessBase"]
[SourceDate "2023.09.30"]
[SourceVersion "1"]
[SourceVersionDate "2023.09.30"]
[SourceQuality "1"]

1. e4 c5 2. Nf3 Nc6 3. d4 cxd4 4. Nxd4 e5 5. Nb5 d6 6. N1c3 a6 7. Na3 Be6 8. Be2 g6 9. 0-0 Bg7 10. Be3 Nge7 11. Nd5 Bxd5 12. exd5 Nd4 13. c4 Nxe2+ 14. Qxe2 0-0 15. Rfd1 f5 16. f3 e4 17. f4 g5 18. Nc2 gxf4 19. Bd4 Rf7 20. Kh1 Rc8 21. b3 Be5 22. Rg1 Ng6 23. Qh5 Qf6 24. Rad1 b5 25. g4 bxc4 26. gxf5 Qxf5 27. Rg5 Qf6 28. Rdg1 Rg7 29. Rf5 Qe7 30. Bxe5 dxe5 31. d6 Qxd6 32. Rd1 Qe7 33. Qg4 Rd8 34. bxc4 e3 35. Qf3 0-1

[Event "Skopje op"]
[Site "Skopje"]
[Date "2022.10.24"]
[Round "5"]
[White "Betsakos, Konstantinos"]
[Black "Lusheski, Konstantin"]
[Result "0-1"]
[WhiteElo "2062"]
[BlackElo "1626"]
[PlyCount "132"]
[EventDate "2022.10.21"]
[EventType "swiss"]
[EventRounds "9"]
[EventCountry "MKD"]
[SourceTitle "EXT 2024"]
[Source "ChessBase"]
[SourceDate "2023.10.10"]
[SourceVersion "1"]
[SourceVersionDate "2023.10.10"]
[SourceQuality "1"]

1. d4 d5 2. Bf4 Nf6 3. e3 g6 4. c4 c6 5. Nc3 Bg7 6. h3 0-0 7. Nf3 Nbd7 8. cxd5 Nxd5 9. Nxd5 cxd5 10. Bd3 Re8 11. 0-0 e5 12. dxe5 Nxe5 13. Nd4 a6 14. Bc2 Nc6 15. Ba4 Bd7 16. Bxc6 bxc6 17. Qc2 Qb6 18. Rfc1 Bxd4 19. exd4 Qxd4 20. Be3 Qe4 21. Qc3 Rac8 22. Re1 Qe5 23. Bd4 Qf5 24. b4 Rxe1+ 25. Rxe1 Re8 26. Rf1 Re6 27. Qg3 f6 28. Qc7 Re2 29. Rc1 Qe6 30. Rc3 Re4 31. Qd8+ Kg7 32. Bc5 Qe8 33. Qb6 Re1+ 34. Kh2 Rh1+ 35. Kxh1 Qe1+ 36. Kh2 Qxc3 37. Qxa6 Qe5+ 38. Kg1 Qe1+ 39. Kh2 Qe5+ 40. g3 Qe6 41. Qf1 d4 42. a4 Qd5 43. Qd3 Bf5 44. Qe2 d3 45. Qe7+ Qf7 46. Qd6 Be4 47. a5 Bd5 48. Be3 Qb7 49. Bc5 Qf7 50. Be3 Qb7 51. a6 Qxa6 52. Qe7+ Bf7 53. Bd4 c5 54. Bxc5 Qc8 55. Qd6 Bc4 56. Qe7+ Bf7 57. Qd6 Bc4 58. g4 Qe8 59. Bd4 Qe6 60. Qf4 Bd5 61. g5 Bc6 62. gxf6+ Kf7 63. Qh6 Qd6+ 64. f4 Qxd4 65. Qg7+ Ke6 66. Qe7+ Kf5 0-1

[Event "Skopje op"]
[Site "Skopje"]
[Date "2022.10.24"]
[Round "6"]
[White "Zhezhov, Emil"]
[Black "Betsakos, Konstantinos"]
[Result "0-1"]
[WhiteElo "1755"]
[BlackElo "2062"]
[PlyCount "88"]
[EventDate "2022.10.21"]
[EventType "swiss"]
[EventRounds "9"]
[EventCountry "MKD"]
[SourceTitle "EXT 2024"]
[Source "ChessBase"]
[SourceDate "2023.10.10"]
[SourceVersion "1"]
[SourceVersionDate "2023.10.10"]
[SourceQuality "1"]

1. e4 c5 2. Nc3 Nc6 3. g3 g6 4. Bg2 Bg7 5. d3 Rb8 6. f4 d6 7. Nh3 e6 8. 0-0 Nge7 9. Be3 0-0 10. Kh1 b5 11. Rb1 b4 12. Ne2 Nd4 13. Nhg1 f5 14. h3 Ba6 15. Qd2 e5 16. a4 Qd7 17. b3 fxe4 18. dxe4 Nec6 19. Rf2 Nxe2 20. Nxe2 Nd4 21. Ng1 c4 22. Rd1 cxb3 23. cxb3 Rfc8 24. Bf1 Bb7 25. Bg2 Rc2 26. Qxb4 Qc7 27. Rxc2 Nxc2 28. Qd2 Nxe3 29. Qxe3 a5 30. Rc1 Qd8 31. Ne2 Ba8 32. Kh2 Rb4 33. Bf3 h5 34. Rb1 h4 35. g4 exf4 36. Qd3 Qe8 37. Nc3 Qe5 38. Nd5 Rd4 39. Qa6 Bxd5 40. exd5 Rd2+ 41. Kh1 Qc3 42. Rf1 Qb2 43. Qc8+ Kh7 44. Qc1 Rh2+ 0-1

[Event "Thessaloniki Triandria op 13th"]
[Site "Thessaloniki"]
[Date "2022.04.29"]
[Round "6"]
[White "Kazakos, Markos"]
[Black "Betsakos, Konstantinos"]
[Result "1/2-1/2"]
[WhiteElo "2314"]
[BlackElo "2037"]
[PlyCount "120"]
[EventDate "2022.04.26"]
[EventType "swiss"]
[EventRounds "7"]
[EventCountry "GRE"]
[SourceTitle "EXT 2023"]
[Source "ChessBase"]
[SourceDate "2022.10.05"]
[SourceVersion "1"]
[SourceVersionDate "2022.10.05"]
[SourceQuality "1"]

1. c4 Nf6 2. g3 e5 3. Bg2 d5 4. cxd5 Nxd5 5. Nc3 Nb6 6. Nf3 Nc6 7. 0-0 Be7 8. a3 a5 9. d3 0-0 10. Be3 Be6 11. Bxb6 cxb6 12. Rc1 a4 13. Nxa4 e4 14. Ne1 Bg5 15. Rxc6 bxc6 16. Bxe4 Rc8 17. d4 Bh3 18. Bg2 Bxg2 19. Nxg2 Bf6 20. e3 c5 21. dxc5 b5 22. Nb6 Qxd1 23. Rxd1 Rfd8 24. Rxd8+ Rxd8 25. Kf1 Bxb2 26. Ke2 Bc1 27. Nf4 Rd2+ 28. Ke1 Rc2 29. Nd3 Bxa3 30. Kd1 Ra2 31. Nd5 Bxc5 32. Nxc5 Rxf2 33. h4 Rf3 34. Ne4 f5 35. Ng5 Rxg3 36. Ne7+ Kf8 37. Nxf5 Rg1+ 38. Kd2 g6 39. Nd4 h6 40. Ne4 Rf1 41. Ke2 Rb1 42. Nd2 Rb2 43. Kd3 b4 44. N4b3 Kf7 45. Kc4 Kf6 46. Kxb4 Rc2 47. Nf3 Re2 48. Kc4 Rxe3 49. Nbd4 g5 50. hxg5+ hxg5 51. Nh2 Kg6 52. Nf1 Re1 53. Ng3 g4 54. Kd3 Re5 55. Ne4 Kh5 56. Ke3 g3 57. Ne2 g2 58. Nf4+ Kg4 59. Nxg2 Re7 60. Kd3 Rxe4 1/2-1/2

[Event "Thessaloniki Triandria op 13th"]
[Site "Thessaloniki"]
[Date "2022.04.28"]
[Round "4"]
[White "Lazos, Ioannis"]
[Black "Betsakos, Konstantinos"]
[Result "0-1"]
[WhiteElo "1659"]
[BlackElo "2037"]
[PlyCount "38"]
[EventDate "2022.04.26"]
[EventType "swiss"]
[EventRounds "7"]
[EventCountry "GRE"]
[SourceTitle "EXT 2023"]
[Source "ChessBase"]
[SourceDate "2022.10.05"]
[SourceVersion "1"]
[SourceVersionDate "2022.10.05"]
[SourceQuality "1"]

1. e4 c5 2. d3 g6 3. f4 Bg7 4. Nf3 Nc6 5. Be2 d6 6. 0-0 e6 7. Nc3 Nge7 8. Qe1 Nd4 9. Bd1 0-0 10. Qh4 f5 11. Ng5 h6 12. Nf3 Nec6 13. Qxd8 Rxd8 14. Ne2 Nxe2+ 15. Bxe2 b5 16. Be3 Bxb2 17. Rab1 Bg7 18. Rxb5 fxe4 19. dxe4 Ba6 0-1

[Event "GRE-chT2 48th"]
[Site "Thessaloniki"]
[Date "2021.10.09"]
[Round "6.5"]
[White "Betsakos, Konstantinos"]
[Black "Alexandris, Charalambos"]
[Result "1-0"]
[WhiteElo "2060"]
[BlackElo "1342"]
[PlyCount "97"]
[EventDate "2021.10.05"]
[EventType "team-swiss"]
[EventRounds "7"]
[EventCountry "GRE"]
[SourceTitle "CBM 204 Extra"]
[Source "ChessBase"]
[SourceDate "2021.11.30"]
[SourceVersion "1"]
[SourceVersionDate "2021.11.30"]
[SourceQuality "1"]
[WhiteTeam "Triandrias OS"]
[BlackTeam "Serron PSSK"]
[WhiteTeamCountry "GRE"]
[BlackTeamCountry "GRE"]

1. e4 c5 2. Nf3 Nc6 3. Bb5 g6 4. Bxc6 bxc6 5. 0-0 Bg7 6. Re1 Nf6 7. e5 Nd5 8. c4 Nb6 9. d3 0-0 10. h3 d6 11. Bf4 Bb7 12. Nc3 dxe5 13. Bxe5 f6 14. Bf4 e5 15. Be3 Qe7 16. Ne4 Nd7 17. Qb3 Rfb8 18. Qa3 Bf8 19. Nfd2 f5 20. Nc3 Qh4 21. Na4 Bc8 22. Nf3 Qe7 23. Bf4 Bg7 24. d4 Rb4 25. Nxe5 Bxe5 26. dxe5 Rxc4 27. Qb3 Ba6 28. Rad1 Nf8 29. Rc1 Qe6 30. Nxc5 Rxc5 31. Rxc5 Bb5 32. Qf3 Re8 33. b3 Qe7 34. Rc3 Ne6 35. Be3 Qb4 36. Rec1 Qa3 37. R1c2 Rd8 38. Bc5 Nxc5 39. Rxc5 Bd3 40. R2c3 Be4 41. Qe2 Kg7 42. f3 Bd5 43. Rc2 Qb4 44. Qd2 Qb6 45. Qa5 Qb8 46. Rxc6 Bxc6 47. Rxc6 Rd7 48. Qc5 Kf7 49. e6+ 1-0

[Event "GRE-ch U20"]
[Site "Trikala"]
[Date "2020.08.21"]
[Round "7"]
[White "Brokalakis Gounaris, Christos"]
[Black "Betsakos, Konstantinos"]
[Result "0-1"]
[WhiteElo "1988"]
[BlackElo "2079"]
[PlyCount "94"]
[EventDate "2020.08.17"]
[EventType "swiss"]
[EventRounds "9"]
[EventCountry "GRE"]
[SourceTitle "CBM 198 Extra"]
[Source "ChessBase"]
[SourceDate "2020.11.30"]
[SourceVersion "1"]
[SourceVersionDate "2020.11.30"]
[SourceQuality "1"]

1. d4 Nf6 2. c4 e6 3. Nc3 d5 4. Nf3 Be7 5. cxd5 exd5 6. Bf4 c6 7. e3 0-0 8. Bd3 Nbd7 9. Qc2 Re8 10. 0-0 Nf8 11. Rab1 a5 12. a3 Nh5 13. Bg3 Nxg3 14. hxg3 Bd6 15. Rfe1 Bg4 16. Bf5 h5 17. Nh2 Qg5 18. Nxg4 hxg4 19. b4 axb4 20. axb4 Ra3 21. Ne2 Rea8 22. Rb2 g6 23. Bd3 Ne6 24. Nf4 Kg7 25. Kf1 Bxf4 26. gxf4 Qh5 27. Ke2 Qh2 28. g3 Qg2 29. Rf1 Ra1 30. Rbb1 R1a2 31. Rb2 R2a3 32. Kd2 Rh8 33. Ra2 Rha8 34. Rxa3 Rxa3 35. Be2 Nc7 36. Qb2 Ra8 37. Qb1 Ne8 38. Kc3 Nd6 39. Bd3 b5 40. Kb3 Nc4 41. Bxc4 dxc4+ 42. Kb2 Ra4 43. Qe1 c3+ 44. Kc2 Qe4+ 45. Kxc3 Qd5 46. Qb1 Qc4+ 47. Kd2 Ra2+ 0-1

[Event "GRE-ch U20"]
[Site "Trikala"]
[Date "2020.08.19"]
[Round "4"]
[White "Betsakos, Konstantinos"]
[Black "Magalakis, Stefanos"]
[Result "1-0"]
[WhiteElo "2079"]
[BlackElo "1838"]
[PlyCount "59"]
[EventDate "2020.08.17"]
[EventType "swiss"]
[EventRounds "9"]
[EventCountry "GRE"]
[SourceTitle "CBM 198 Extra"]
[Source "ChessBase"]
[SourceDate "2020.11.30"]
[SourceVersion "1"]
[SourceVersionDate "2020.11.30"]
[SourceQuality "1"]

1. e4 e5 2. Nf3 Nc6 3. Bb5 g6 4. 0-0 Bg7 5. c3 a6 6. Ba4 Nge7 7. Re1 0-0 8. d4 exd4 9. cxd4 b5 10. Bc2 d6 11. d5 Na5 12. Bd2 Nc4 13. Bc3 Nxb2 14. Qc1 Nc4 15. Bxg7 Kxg7 16. a4 Bb7 17. Bd3 c6 18. Bxc4 bxc4 19. Qb2+ Kg8 20. Qxb7 cxd5 21. exd5 Nf5 22. Nbd2 Rc8 23. Qxa6 c3 24. Ne4 c2 25. Rec1 Re8 26. Qd3 Qe7 27. Ng3 Nxg3 28. hxg3 Qf6 29. Ra2 Rc3 30. Qd2 1-0

[Event "GRE-chT 47th"]
[Site "Patras"]
[Date "2019.07.04"]
[Round "4.6"]
[White "Gkikas, Vasilios"]
[Black "Betsakos, Konstantinos"]
[Result "1/2-1/2"]
[WhiteElo "1950"]
[BlackElo "2094"]
[PlyCount "102"]
[EventDate "2019.07.02"]
[EventType "team-swiss"]
[EventRounds "7"]
[EventCountry "GRE"]
[SourceTitle "CBM 191 Extra"]
[Source "ChessBase"]
[SourceDate "2019.09.30"]
[SourceVersion "1"]
[SourceVersionDate "2019.09.30"]
[SourceQuality "1"]
[WhiteTeam "Heraklion Contact"]
[BlackTeam "Triandrias OF"]
[WhiteTeamCountry "GRE"]
[BlackTeamCountry "GRE"]

1. d4 Nf6 2. c4 e6 3. Nf3 Bb4+ 4. Bd2 a5 5. g3 d6 6. Bg2 Nbd7 7. 0-0 e5 8. a3 Bxd2 9. Qxd2 0-0 10. Nc3 exd4 11. Nxd4 Nb6 12. b3 c6 13. Qc2 a4 14. b4 Nxc4 15. Nxa4 d5 16. Nb2 Nxb2 17. Qxb2 Ne4 18. Nb3 Re8 19. e3 h5 20. Nd2 Nd6 21. a4 Bf5 22. Qc3 Qd7 23. Rfc1 h4 24. Qd4 hxg3 25. hxg3 Re6 26. b5 Rg6 27. bxc6 bxc6 28. a5 Nb5 29. Qc5 Bh3 30. Bh1 Ra6 31. Nf3 Qc7 32. Kh2 Rh6 33. Kg1 Rxa5 34. Rxa5 Qxa5 35. Ne5 Rf6 36. Nxc6 Qd2 37. Ne7+ Kh8 38. Qc2 Rxf2 39. Qxd2 Rxd2 40. Nxd5 g5 41. Nc3 Nxc3 42. Rxc3 Kg7 43. Bf3 Kf6 44. g4 Rb2 45. Rc6+ Kg7 46. Rc5 f5 47. gxf5 g4 48. Be4 Kf6 49. Rc2 Rb4 50. Bg2 Bxg2 51. Kxg2 Kxf5 1/2-1/2

[Event "Thessaloniki CupT final"]
[Site "Thessaloniki"]
[Date "2019.05.12"]
[Round "2.3"]
[White "Tsaknakis, Zisis"]
[Black "Betsakos, Konstantinos"]
[Result "1-0"]
[WhiteElo "2268"]
[BlackElo "2165"]
[PlyCount "63"]
[EventDate "2019.05.11"]
[EventType "team-k.o."]
[EventRounds "2"]
[EventCountry "GRE"]
[SourceTitle "CBM 190 Extra"]
[Source "ChessBase"]
[SourceDate "2019.07.15"]
[SourceVersion "1"]
[SourceVersionDate "2019.07.15"]
[SourceQuality "1"]
[WhiteTeam "Thessaloniki Galaxias"]
[BlackTeam "Triandrias"]
[WhiteTeamCountry "GRE"]
[BlackTeamCountry "GRE"]

1. Nf3 c5 2. g3 Nc6 3. Bg2 g6 4. 0-0 Bg7 5. Nc3 e5 6. a3 Nf6 7. b4 e4 8. Ne1 d5 9. bxc5 Nd7 10. a4 Nxc5 11. Ba3 b6 12. f3 f5 13. fxe4 dxe4 14. Nd3 Ba6 15. Nxc5 Bd4+ 16. Kh1 bxc5 17. Nxe4 fxe4 18. c3 Be5 19. d4 Nxd4 20. cxd4 Qxd4 21. Qb3 Qc4 22. Qxc4 Bxc4 23. Rac1 Bb3 24. Rxc5 Bd6 25. Rc3 Bxa3 26. Rxb3 Bc5 27. Bxe4 Rd8 28. Rb7 Rc8 29. Bd3 Ra8 30. Bb5+ Kd8 31. Rd7+ Kc8 32. Rc1 1-0

[Event "GRE-ch U20"]
[Site "Trikala"]
[Date "2019.05.06"]
[Round "9"]
[White "Betsakos, Konstantinos"]
[Black "Trimitzios, Petros"]
[Result "0-1"]
[WhiteElo "2165"]
[BlackElo "2284"]
[PlyCount "86"]
[EventDate "2019.04.30"]
[EventType "swiss"]
[EventRounds "9"]
[EventCountry "GRE"]
[SourceTitle "CBM 190 Extra"]
[Source "ChessBase"]
[SourceDate "2019.07.15"]
[SourceVersion "1"]
[SourceVersionDate "2019.07.15"]
[SourceQuality "1"]

1. d4 Nf6 2. c4 e6 3. g3 d5 4. Bg2 Bb4+ 5. Bd2 Bd6 6. Qb3 c6 7. Nf3 0-0 8. 0-0 b6 9. Rc1 Ba6 10. cxd5 cxd5 11. Nc3 Bc4 12. Qd1 Nbd7 13. e4 dxe4 14. Nxe4 Nxe4 15. Rxc4 Nxd2 16. Nxd2 Rb8 17. Rc6 Nf6 18. Qa4 Qd7 19. Rac1 Rfd8 20. Qa6 Nd5 21. Bxd5 exd5 22. Nf1 Bc5 23. Qa4 b5 24. Qa6 Bxd4 25. R1c2 Rb6 26. Rxb6 Bxb6 27. Qa3 Qf5 28. Qb3 d4 29. Rd2 d3 30. a4 bxa4 31. Qxa4 h6 32. Qf4 Qb5 33. Qf3 Bd4 34. b4 Bc3 35. Ra2 d2 36. Ne3 Qd3 37. Qd1 Bxb4 38. Rxa7 Bc5 39. Ra1 Bxe3 40. fxe3 Qxe3+ 41. Kg2 Qe4+ 42. Kh3 Kh7 43. Qf1 Rd5 0-1

[Event "GRE-ch U20"]
[Site "Trikala"]
[Date "2019.05.04"]
[Round "7"]
[White "Loukopoulos, Panagiotis Athanasi"]
[Black "Betsakos, Konstantinos"]
[Result "1/2-1/2"]
[WhiteElo "2051"]
[BlackElo "2165"]
[PlyCount "122"]
[EventDate "2019.04.30"]
[EventType "swiss"]
[EventRounds "9"]
[EventCountry "GRE"]
[SourceTitle "CBM 190 Extra"]
[Source "ChessBase"]
[SourceDate "2019.07.15"]
[SourceVersion "1"]
[SourceVersionDate "2019.07.15"]
[SourceQuality "1"]

1. e4 e5 2. Nf3 Nc6 3. Bc4 Nf6 4. d3 h6 5. c3 d6 6. 0-0 g6 7. Re1 Bg7 8. a4 a5 9. Nbd2 0-0 10. Bb3 Re8 11. Nf1 Be6 12. Bc2 d5 13. exd5 Nxd5 14. Ng3 b6 15. Bd2 f5 16. Qc1 Kh7 17. h4 f4 18. Nf1 Bf5 19. h5 Qf6 20. hxg6+ Bxg6 21. N1h2 Kh8 22. d4 exd4 23. Ng4 Qf7 24. cxd4 Rxe1+ 25. Bxe1 Bxc2 26. Qxc2 Qe6 27. Qc4 Rg8 28. Nge5 Nce7 29. Rc1 Bf6 30. Qd3 Rg7 31. Kh2 Qg8 32. g3 Qe8 33. Qf1 Bxe5 34. Nxe5 Rg5 35. Qe2 fxg3+ 36. fxg3 Nf5 37. Rc6 Qg8 38. Qe4 h5 39. Ng6+ Kh7 40. Nh4 Nde7 41. Rxc7 Kh8 42. Rxe7 Nxe7 43. Qxe7 Qd5 44. Bd2 Rg7 45. Qf6 Kh7 46. Nf5 Rf7 47. Qh6+ Kg8 48. Qg6+ Kh8 49. Bf4 Rxf5 50. Be5+ Rxe5 51. Qf6+ Kg8 52. dxe5 Qd2+ 53. Kh3 Qxb2 54. Kh4 Qh2+ 55. Kg5 Qxg3+ 56. Kxh5 Qh3+ 57. Kg6 Qg4+ 58. Kh6 Qh3+ 59. Kg5 Qg3+ 60. Kf5 Qf3+ 61. Kg6 Qg4+ 1/2-1/2

[Event "GRE-ch U20"]
[Site "Trikala"]
[Date "2019.05.01"]
[Round "2"]
[White "Kouvidis, Ioannis"]
[Black "Betsakos, Konstantinos"]
[Result "1/2-1/2"]
[WhiteElo "1981"]
[BlackElo "2165"]
[PlyCount "53"]
[EventDate "2019.04.30"]
[EventType "swiss"]
[EventRounds "9"]
[EventCountry "GRE"]
[SourceTitle "CBM 190 Extra"]
[Source "ChessBase"]
[SourceDate "2019.07.15"]
[SourceVersion "1"]
[SourceVersionDate "2019.07.15"]
[SourceQuality "1"]

1. e4 e5 2. Nf3 Nc6 3. Nc3 Nf6 4. Bb5 Bb4 5. 0-0 0-0 6. d3 Bxc3 7. bxc3 d6 8. Bg5 Qe7 9. Nd2 Nd8 10. f4 h6 11. fxe5 hxg5 12. exf6 gxf6 13. d4 Kg7 14. Bd3 Ne6 15. Nc4 Nf4 16. Ne3 f5 17. Nd5 Nxd5 18. exd5 Qe3+ 19. Kh1 Rh8 20. Rf3 Qe7 21. Bxf5 g4 22. Rf4 Bxf5 23. Rxf5 Rxh2+ 24. Kxh2 Rh8+ 25. Kg1 Qe3+ 26. Rf2 g3 27. Qg4+ 1/2-1/2

[Event "Thessaloniki Vardaris op 5th"]
[Site "Thessaloniki"]
[Date "2019.03.10"]
[Round "5"]
[White "Lazov, Toni"]
[Black "Betsakos, Konstantinos"]
[Result "0-1"]
[WhiteElo "2332"]
[BlackElo "2045"]
[PlyCount "86"]
[EventDate "2019.03.07"]
[EventType "swiss"]
[EventRounds "7"]
[EventCountry "GRE"]
[SourceTitle "CBM 189 Extra"]
[Source "ChessBase"]
[SourceDate "2019.06.03"]
[SourceVersion "1"]
[SourceVersionDate "2019.06.03"]
[SourceQuality "1"]

1. e4 c5 2. d3 g6 3. g3 Bg7 4. Bg2 Nc6 5. c3 d6 6. Nf3 e5 7. a3 Nf6 8. b4 a6 9. Bg5 h6 10. Bxf6 Qxf6 11. Nbd2 Be6 12. Nc4 Qd8 13. Ne3 Rc8 14. 0-0 0-0 15. Nd2 Ne7 16. Rc1 b5 17. Nb3 f5 18. exf5 gxf5 19. c4 Qb6 20. Nd5 Bxd5 21. cxd5 c4 22. dxc4 bxc4 23. Na5 c3 24. g4 e4 25. gxf5 Rxf5 26. Bxe4 Rf4 27. Qe2 Rcf8 28. Rc2 Qd4 29. Bg2 Nf5 30. Nc6 Qf6 31. Qe6+ Kh8 32. Qxf6 Bxf6 33. Bh3 Nh4 34. Kh1 Nf3 35. Bg2 Nd2 36. a4 Nxf1 37. Bxf1 Bh4 38. Bxa6 Bxf2 39. Rxc3 Rg8 40. Rc1 Rfg4 41. h3 Rg3 42. Bf1 Rg1+ 43. Kh2 Be3 0-1

[Event "GRE-ch U18"]
[Site "Rethymno"]
[Date "2019.01.08"]
[Round "9"]
[White "Betsakos, Konstantinos"]
[Black "Kasioumis, Vasilios"]
[Result "1-0"]
[WhiteElo "2037"]
[BlackElo "2081"]
[PlyCount "45"]
[EventDate "2019.01.02"]
[EventType "swiss"]
[EventRounds "9"]
[EventCountry "GRE"]
[SourceTitle "CBM 188 Extra"]
[Source "ChessBase"]
[SourceDate "2019.02.26"]
[SourceVersion "1"]
[SourceVersionDate "2019.02.26"]
[SourceQuality "1"]

1. d4 d5 2. Bf4 Nf6 3. e3 c5 4. c3 Nc6 5. Nd2 Bf5 6. Qb3 Qd7 7. Ngf3 c4 8. Qd1 e6 9. Be2 h6 10. Ne5 Nxe5 11. Bxe5 Be7 12. b3 b5 13. a4 0-0 14. axb5 Qxb5 15. bxc4 Qb2 16. 0-0 Qxc3 17. c5 Rfc8 18. Ba6 Rf8 19. Qc1 Qb4 20. c6 Ng4 21. c7 f6 22. h3 fxe5 23. hxg4 1-0

[Event "GRE-ch U18"]
[Site "Rethymno"]
[Date "2019.01.02"]
[Round "1"]
[White "Betsakos, Konstantinos"]
[Black "Christodoulakis, Michail"]
[Result "1-0"]
[WhiteElo "2037"]
[BlackElo "1229"]
[PlyCount "71"]
[EventDate "2019.01.02"]
[EventType "swiss"]
[EventRounds "9"]
[EventCountry "GRE"]
[SourceTitle "CBM 188 Extra"]
[Source "ChessBase"]
[SourceDate "2019.02.26"]
[SourceVersion "1"]
[SourceVersionDate "2019.02.26"]
[SourceQuality "1"]

1. e4 e5 2. Nf3 Nc6 3. Bb5 a6 4. Ba4 Nf6 5. d3 d6 6. c3 Be7 7. 0-0 b5 8. Bc2 0-0 9. Re1 Re8 10. a4 Bb7 11. Nbd2 Bf8 12. d4 g6 13. d5 Ne7 14. c4 c6 15. Qe2 Qd7 16. Bd3 bxc4 17. dxc6 Nxc6 18. Nxc4 Qc7 19. Bg5 Bg7 20. a5 Nd7 21. Rec1 Nc5 22. Nb6 Rab8 23. Nd5 Qd7 24. Bc4 Ne6 25. Nb6 Qc7 26. Bxa6 Bxa6 27. Qxa6 Nc5 28. Qb5 Na7 29. Qc4 Qb7 30. Nd2 Nc8 31. Nd5 Na7 32. b4 Na6 33. Rcb1 Rbc8 34. Qd3 Nb5 35. Nc4 Rc6 36. Ncb6 1-0

[Event "Vojvodina op 9th"]
[Site "Novi Sad"]
[Date "2018.07.22"]
[Round "2"]
[White "Zegarac, Vuk"]
[Black "Betsakos, Konstantinos"]
[Result "1-0"]
[WhiteElo "2257"]
[BlackElo "1913"]
[PlyCount "20"]
[EventDate "2018.07.22"]
[EventType "swiss"]
[EventRounds "9"]
[EventCountry "YUG"]
[SourceTitle "CBM 185 Extra"]
[Source "ChessBase"]
[SourceDate "2018.07.29"]
[SourceVersion "1"]
[SourceVersionDate "2018.07.29"]
[SourceQuality "1"]

1. d4 e6 2. Nf3 f5 3. Nc3 Nf6 4. Bg5 Be7 5. Bxf6 Bxf6 6. e4 fxe4 7. Nxe4 0-0 8. Bd3 b6 9. Qe2 Bb7 10. 0-0-0 c5 1-0